Cases in strategic management / (Record no. 13246)

000 -LEADER
fixed length control field 00432pam a2200169 a 4500
020 ## - INTERNATIONAL STANDARD BOOK NUMBER
ISBN 0256083223
040 ## - CATALOGING SOURCE
Transcribing agency DLC
082 00 - DEWEY DECIMAL CLASSIFICATION NUMBER
Classification number 658 LRW 1991 A045 Or.
100 1# - MAIN ENTRY--AUTHOR NAME
Personal name Pearce, John A.
245 10 - TITLE STATEMENT
Title Cases in strategic management /
250 ## - EDITION STATEMENT
Edition statement 2nd ed.
260 ## - PUBLICATION, DISTRIBUTION, ETC. (IMPRINT)
Place of publication Homewood, IL :
Name of publisher Irwin,
Year of publication c1991.
300 ## - PHYSICAL DESCRIPTION
Number of Pages x, 661 p. :
Other physical details ill., maps ;
Dimensions 24 cm.
650 #0 - SUBJECT ADDED ENTRY--TOPICAL TERM
Topical Term Strategic planning
700 1# - ADDED ENTRY--PERSONAL NAME
Personal name Robinson, Richard B.
942 ## - ADDED ENTRY ELEMENTS (KOHA)
Koha item type សៀវភៅភាសាអង់គ្លេស
952 ## - LOCATION AND ITEM INFORMATION (KOHA)
Withdrawn status [LOCAL, KOHA] 0
Holdings
Permanent Location Date acquired Koha item type Lost status Shelving location Barcode Current Location Full call number
Library Block A2017-08-22សៀវភៅភាសាអង់គ្លេស A045A18540Library Block A658 LRW 1991 A045 Or.
មជ្ឈមណ្ឌលឯការនៃសាកលវិទ្យាល័យភូមិន្ទកសិកម្មចំការដូង

Powered by Koha